[Event "Wch Seniors"]
[Site "Bad Wildbad"]
[Date "1993.??.??"]
[Round "9"]
[White "Arkhangelsky, Boris"]
[Black "Unzicker, Wolfgang"]
[Result "1-0"]
[WhiteElo "2375"]
[BlackElo "2450"]

1.d4 Nf6 2.c4 e6 3.Nf3 d5 4.Nc3 Be7 5.Bf4 O-O 6.e3 c5 7.dxc5 Bxc5 8.Qc2 Nc6
9.a3 Qa5 10.O-O-O Be7 11.g4 dxc4 12.Bxc4 e5 13.g5 exf4 14.gxf6 Bxf6 15.Nd5 Bd8
16.Rhg1 Kh8 17.Ng5 g6 18.h4 Ne5 19.Kb1 Bf5 20.e4 Be6 21.Bb3 Rc8 22.Qe2 h6
23.Nxe6 fxe6 24.Nxf4 Rxf4 25.Qe3 Rxh4 26.Bxe6 Rc6 27.Rd5 Qc7 28.Rxg6 Bg5
29.Qd4 Rc1+ 30.Ka2 Qc4+ 31.Qxc4 Rxc4 32.Rxe5 Rcxe4 33.Rc5 Bf4 34.Rd5  1-0

[Event "Belgrade"]
[Site "Belgrade"]
[Date "1993.??.??"]
[Round "8"]
[White "Kramnik, Vladimir"]
[Black "Beliavsky, Alexander G"]
[Result "1/2-1/2"]
[WhiteElo "2710"]
[BlackElo "2635"]

1.Nf3 d5 2.d4 Nf6 3.c4 e6 4.Nc3 Be7 5.Bf4 O-O 6.e3 c5 7.dxc5 Bxc5 8.a3 Nc6
9.Rc1 d4 10.Nxd4 e5 11.Nb3 Bxa3 12.bxa3 exf4 13.Qxd8 Rxd8 14.exf4 Be6 15.f3 b6
16.Kf2 Nd4 17.Nxd4 Rxd4 18.Ke3 Rd7 19.Be2 Re8 20.Kf2 Rc8 21.Rhd1 Rxd1 22.Rxd1 Kf8
23.Rd4 Ke7 24.g4 g6 25.Bd3 Rc5 26.Ke3 Ne8 27.f5 gxf5 28.gxf5 Bxf5 29.Nd5+ Ke6
30.Bxf5+ Kxf5 31.Rf4+ Kg6 32.Kd4 Kg7 33.Rg4+  1/2-1/2

[Event "Bern op"]
[Site "Bern"]
[Date "1993.??.??"]
[Round "6"]
[White "Van der Sterren, Paul"]
[Black "Hort, Vlastimil"]
[Result "1-0"]
[WhiteElo "2490"]
[BlackElo "2545"]

1.d4 d5 2.c4 e6 3.Nc3 Be7 4.Nf3 Nf6 5.Bf4 O-O 6.e3 a6 7.Rc1 dxc4 8.Bxc4 b5
9.Bd3 Bb7 10.a4 b4 11.Nb1 Bd6 12.Bg3 Nbd7 13.Nbd2 Re8 14.Nc4 Nf8 15.Na5 Bd5
16.Nc6 Bxc6 17.Rxc6 a5 18.Ne5 Ng6 19.O-O Nd5 20.Nxg6 hxg6 21.Bb5 Rf8 22.Qf3 Ne7
23.Rc2 Nf5 24.Be5 Qg5 25.Rfc1 Rad8 26.g3 Ne7 27.Bxd6 cxd6 28.Qb7 Nf5 29.Qb6 Ra8
30.Rc7 d5 31.R1c2 Qd8 32.Bd3 Nd6 33.R2c5 Rb8 34.Qc6 Ne8 35.Rd7 Qg5 36.Rxa5 Nf6
37.Rc7 Ng4 38.h4 Qf6 39.Qc2 b3 40.Qe2 Qd8 41.Raa7 Nf6 42.Bxg6 fxg6 43.Rxg7+ Kh8
44.Qg4  1-0

[Event "Bern op"]
[Site "Bern"]
[Date "1993.??.??"]
[Round "8"]
[White "Gloria, Eric"]
[Black "Campora, Daniel H"]
[Result "1/2-1/2"]
[WhiteElo "2275"]
[BlackElo "2550"]

1.d4 d5 2.c4 e6 3.Nc3 Nf6 4.Nf3 Be7 5.Bf4 O-O 6.e3 c5 7.Be2 cxd4 8.exd4 Nc6
9.O-O dxc4 10.Bxc4 b6 11.a3 Bb7 12.Qd3 Rc8 13.Rac1 Nh5 14.Bd2 Bf6 15.Be3 Na5
16.Ba2 Bxf3 17.gxf3 Nc6 18.Rfd1 Ne7 19.Qe4 g6 20.d5 exd5 21.Nxd5 Nxd5 22.Rxd5 Rxc1+
23.Bxc1 Qc8 24.Rd1 Re8 25.Qc4 Qxc4 26.Bxc4 Kg7 27.b4 Rd8 28.Rxd8 Bxd8 29.Ba6 Bc7
30.h3 Kf6 31.Bc4 Ke7 32.a4 Bd6 33.Bd2 Bf4 34.Bc3 f6 35.a5 Be5 36.Bd2 Ng7
37.Be3 Bc7 38.Kf1 Nf5 39.a6 h5 40.Ke2 h4 41.Bd3 Nxe3 42.fxe3 g5 43.Bf5 b5
44.Bd3  1/2-1/2

[Event "Biel op"]
[Site "Biel"]
[Date "1993.??.??"]
[Round "7"]
[White "Libeau, Rene"]
[Black "Hoffman, Alejandro"]
[Result "1/2-1/2"]
[WhiteElo "2425"]
[BlackElo "2440"]

1.c4 e6 2.Nf3 d5 3.d4 Nf6 4.Nc3 Be7 5.Bf4 O-O 6.e3 c5 7.dxc5 Bxc5 8.Qc2 Nc6
9.a3 Qa5 10.O-O-O Be7 11.g4 dxc4 12.Bxc4 e5 13.g5 exf4 14.gxf6 Bxf6 15.Rd5 Qc7
16.Rh5 g6 17.Nd5 Qd8 18.Rg1 Be6 19.Ng5 Bxg5 20.Rhxg5 Bxd5 21.Bxd5 Kg7 22.e4 Rc8
23.Kb1 Qb6 24.Qd2 f6 25.Rf5 Qd4 26.Qxf4 Ne5 27.Qe3 Qxe3 28.fxe3 Rc7 29.Rf2 Rd8
30.h3 b6 31.Rd1 Rcd7 32.Rdf1 Rd6 33.Rc2 R8d7 34.Rc8 h5 35.Rg8+ Kh7 36.Rf8 Kg7
37.Rg8+ Kh6 38.Rf8 f5 39.Re8 fxe4 40.Bxe4 Nc4 41.Rc1 Nd2+ 42.Ka2 Nxe4 43.Rxe4 Rd2
44.Rc8 Rd8 45.Rc7 R8d7  1/2-1/2

[Event "Bonn GSK"]
[Site "Bonn"]
[Date "1993.??.??"]
[Round "?"]
[White "Dokhoian, Yury"]
[Black "Kveinys, Aloyzas"]
[Result "1/2-1/2"]
[WhiteElo "2515"]
[BlackElo "2555"]

1.d4 Nf6 2.c4 e6 3.Nf3 d5 4.Nc3 Be7 5.Bf4 O-O 6.e3 b6 7.Bd3 dxc4 8.Bxc4 Bb7
9.O-O a6 10.Qe2 b5 11.Bd3 Nbd7 12.Rfd1 c5 13.dxc5 Bxc5 14.Ne5 h6 15.Nxb5 axb5
16.Bxb5 Bd5 17.Nxd7 Nxd7 18.e4 Bxa2 19.Bxd7 Qf6 20.Bg3 Bb3 21.Re1 Rxa1 22.Rxa1 Rd8
23.e5 Qg6 24.Bc6 Rd4 25.Bf3 Bc4 26.Qe1 h5 27.Qa5 Bf8 28.Qc3 Bc5 29.Qa5 Bf8
30.h4 Bd5 31.Bxd5 Rxd5 32.Qc7 Bc5 33.Kh2 Qf5 34.Rf1 Kh7 35.Qb7 Kg6 36.Qb3 Rd2
37.Rd1 Rxd1 38.Qxd1 Bxf2 39.Bxf2 Qxf2 40.Qd3+ Kh6 41.Qg3  1/2-1/2

[Event "Brussels zt"]
[Site "Brussels"]
[Date "1993.??.??"]
[Round "2"]
[White "Blees, Albert"]
[Black "Van der Sterren, Paul"]
[Result "0-1"]
[WhiteElo "2405"]
[BlackElo "2490"]

1.d4 Nf6 2.c4 e6 3.Nf3 d5 4.Nc3 Be7 5.Bf4 O-O 6.e3 c5 7.dxc5 Bxc5 8.Bd3 dxc4
9.Bxc4 a6 10.O-O b5 11.Bd3 Bb7 12.Qe2 Nbd7 13.Rfd1 Qb6 14.Bg3 Be7 15.a4 b4
16.a5 Qd8 17.Nb1 Nh5 18.Be5 g6 19.Nbd2 Nxe5 20.Nxe5 Qc7 21.Nec4 Nf6 22.Nb6 Ra7
23.Ndc4 Rd8 24.Rac1 Qc5 25.b3 Nd5 26.Na4 Qc7 27.e4 Nf4 28.Qe3 Rxd3 29.Rxd3 Nxd3
30.Qxd3 Ra8 31.Qe3 Rd8 32.f3 Bc6 33.Ncb6 Bf6 34.e5 Bxe5 35.Rxc6 Bxh2+ 36.Kf2 Qg3+
37.Kf1 Rd1+ 38.Ke2 Qe1+  0-1

[Event "Brussels zt"]
[Site "Brussels"]
[Date "1993.??.??"]
[Round "4"]
[White "Meulders, Richard"]
[Black "Winkler, Caroline"]
[Result "1-0"]
[WhiteElo "2330"]
[BlackElo "2110"]

1.d4 d5 2.c4 e6 3.Nc3 Be7 4.Nf3 Nf6 5.Bf4 O-O 6.e3 c6 7.Qc2 a6 8.Rd1 Nbd7
9.Bd3 dxc4 10.Bxc4 b5 11.Be2 c5 12.dxc5 Bxc5 13.O-O Qb6 14.Ng5 h6 15.Nge4 e5
16.Nxf6+ Qxf6 17.Bf3 exf4 18.Bxa8 fxe3 19.fxe3 Bxe3+ 20.Kh1 Qh4 21.g3 Qc4
22.Bd5 Qc7 23.Qe2 Bg5 24.Bg2 Nf6 25.Nd5 Nxd5 26.Bxd5 Bb7 27.Bxb7 Qxb7+ 28.Qf3 Qc7
29.b3 Re8 30.Rfe1 Rf8 31.Re2 Bf6 32.Qe4 Rc8 33.Red2 Qa5 34.Rc2 Bc3 35.b4 Qa4
36.Qf5 Rf8 37.Rd3 Qxb4  1-0

[Event "Bucharest (Women)"]
[Site "Bucharest"]
[Date "1993.??.??"]
[Round "3"]
[White "Costescu, Marina"]
[Black "Baciu Ionescu, Otilia"]
[Result "0-1"]
[WhiteElo "2090"]
[BlackElo "2160"]

1.d4 d5 2.c4 e6 3.Nf3 Be7 4.Nc3 Nf6 5.Bf4 O-O 6.e3 c5 7.dxc5 Bxc5 8.Qc2 Nc6
9.a3 Qa5 10.Nd2 Be7 11.Bg3 Bd7 12.Rd1 Rac8 13.Be2 Qb6 14.O-O d4 15.Na4 Qa5
16.b3 Bxa3 17.Nb1 Bc5 18.Nxc5 Qxc5 19.Qd3 e5 20.exd4 Nxd4 21.Bh4 Nxe2+ 22.Qxe2 Bg4
23.Qc2 Bxd1 24.Rxd1 Qc6 25.Nc3 Rfd8 26.Re1 Rd4 27.Bg3 Nd7 28.Nb5  0-1

[Event "Budapest FS10 IM (Women)"]
[Site "Budapest"]
[Date "1993.??.??"]
[Round "1"]
[White "Nemeth, Maria"]
[Black "Velvart, Peterne"]
[Result "0-1"]
[WhiteElo "2120"]
[BlackElo "2155"]

1.d4 d5 2.c4 e6 3.Nc3 Nf6 4.Nf3 Be7 5.Bf4 O-O 6.e3 a6 7.Rc1 Nbd7 8.h3 dxc4
9.Bxc4 b5 10.Bd3 Bb7 11.O-O c5 12.Qe2 cxd4 13.exd4 Nb6 14.Ne4 Nxe4 15.Bxe4 Bxe4
16.Qxe4 Qd5 17.Qxd5 Nxd5 18.Be5 Rfc8 19.Rfd1 f6 20.Bg3 Kf7 21.Ne1 Nb4 22.a3 Nd5
23.Nd3 Nb6 24.Rxc8 Rxc8 25.Rc1 Rd8 26.Nc5 Rxd4 27.Nxe6 Rd2 28.Nc7 Rxb2 29.Rc6 Nc4
30.a4 Nd2 31.Rxa6 Rb1+ 32.Kh2 Nf1+  0-1

[Event "Budapest FS12 GM"]
[Site "Budapest"]
[Date "1993.??.??"]
[Round "4"]
[White "Lugovoi, Aleksei"]
[Black "Lengyel, Bela"]
[Result "0-1"]
[WhiteElo "2390"]
[BlackElo "2420"]

1.d4 d5 2.c4 e6 3.Nc3 Nf6 4.Nf3 Be7 5.Bf4 O-O 6.e3 c5 7.dxc5 Bxc5 8.cxd5 Nxd5
9.Nxd5 exd5 10.a3 Nc6 11.Bd3 Be7 12.h3 Bf6 13.O-O Be6 14.Rc1 Qe7 15.b4 a6
16.Qd2 Rfd8 17.Rfd1 Rac8 18.Rc5 g5 19.Bg3 h5 20.Bb1 h4 21.Bh2 Qf8 22.Nd4 Nxd4
23.exd4 Qg7 24.f3 Bd7 25.Bc2 b6 26.Rc7 Bb5 27.Bf5 Ra8 28.Be5 Re8 29.Re1 Qh6
30.Rb7 Bg7 31.Bd7 Bxd7 32.Rxd7 g4 33.Qxh6 Bxh6 34.Rd1 Re6 35.hxg4 f6 36.Bc7 Rc8
37.Kh2 Rxc7 38.Rxd5 Bf4+ 39.Kh3 Bg3 40.g5 fxg5 41.Rxg5+ Kf7 42.d5 Rg6 43.Rf5+ Kg7
44.a4 Rc4 45.b5 a5  0-1

[Event "Budapest FS12 GM"]
[Site "Budapest"]
[Date "1993.??.??"]
[Round "9"]
[White "Maiwald, Jens Uwe"]
[Black "Lengyel, Bela"]
[Result "1/2-1/2"]
[WhiteElo "2430"]
[BlackElo "2420"]

1.d4 d5 2.c4 e6 3.Nf3 Nf6 4.Nc3 Be7 5.Bf4 O-O 6.e3 c5 7.dxc5 Bxc5 8.a3 Nc6
9.Be2 dxc4 10.Bxc4 a6 11.Qc2 Be7 12.Bd3 Qa5 13.O-O Bd7 14.Rfd1 h6 15.b4 Qb6
16.Na4 Qa7 17.Nc5 Be8 18.Rac1 Rc8 19.e4 Nb8 20.Qe2 Bb5 21.Bxb5 axb5 22.Bxb8 Rxb8
23.e5 Nd5 24.Nd7 Qxa3 25.Nxb8 Rxb8 26.Nd4 Bg5 27.Nxb5 Qxb4 28.Rc4 Qf8 29.Ra1 Qd8
30.g3 Be7 31.Qc2 Nb4 32.Qe4 Nc6 33.Na7 Nxe5 34.Rc2 Qd4 35.Qxd4 Nf3+ 36.Kg2 Nxd4
37.Rc8+ Rxc8 38.Nxc8 Bc5 39.Rc1 b6 40.Rb1 b5 41.Rc1  1/2-1/2

[Event "Buenos Aires FMD op"]
[Site "Buenos Aires"]
[Date "1993.??.??"]
[Round "3"]
[White "Juarez, Alberto"]
[Black "Bosco, Ricardo"]
[Result "1/2-1/2"]
[WhiteElo "2260"]
[BlackElo "2235"]

1.d4 Nf6 2.c4 e6 3.Nc3 d5 4.Nf3 Be7 5.Bf4 O-O 6.e3 c5 7.dxc5 Bxc5 8.cxd5 Nxd5
9.Nxd5 exd5 10.a3 Nc6 11.Rc1 Bb6 12.Bd3 d4 13.e4 Re8 14.O-O Bg4 15.h3 Bh5
16.g4 Bg6 17.Re1 f6 18.e5 Bxd3 19.Qxd3 Nxe5 20.Bxe5 fxe5 21.Qc4+ Kf8 22.Rxe5 Rxe5
23.Nxe5 Qe7 24.Re1 Qc7 25.Qxc7 Bxc7 26.Nd3 Bb6 27.Kf1 Rc8 28.Rc1 Rc6 29.Ke2 Ke7
30.Rxc6 bxc6 31.Ne5 Kd6 32.Nc4+ Kd5 33.Kd3 Bc7 34.b3 Bf4 35.a4 Bc1 36.Na5 Bf4
37.Nc4 Bc1 38.f3 g5 39.Na5 Bf4 40.Nc4 Bc1 41.Kc2  1/2-1/2

[Event "Buenos Aires Najdorf op"]
[Site "Buenos Aires"]
[Date "1993.??.??"]
[Round "4"]
[White "Llanos, Guillermo"]
[Black "Hoffman, Alejandro"]
[Result "1-0"]
[WhiteElo "2340"]
[BlackElo "2450"]

1.d4 d5 2.c4 e6 3.Nc3 Nf6 4.Nf3 Be7 5.Bf4 O-O 6.e3 dxc4 7.Bxc4 a6 8.Qe2 Nbd7
9.a4 c5 10.dxc5 Nxc5 11.O-O Bd7 12.Ne5 Qe8 13.e4 Rc8 14.Nxd7 Nfxd7 15.a5 e5
16.Be3 Ne6 17.Bd5 Rc7 18.Rfd1 Bb4 19.Bb3 Ndc5 20.Bxe6 Bxc3 21.Bxc5  1-0

[Event "Buenos Aires Najdorf op"]
[Site "Buenos Aires"]
[Date "1993.??.??"]
[Round "4"]
[White "Servat, Roberto"]
[Black "Soppe, Guillermo"]
[Result "1/2-1/2"]
[WhiteElo "2400"]
[BlackElo "2460"]

1.d4 Nf6 2.c4 e6 3.Nf3 d5 4.Nc3 Be7 5.Bf4 a6 6.c5 O-O 7.e3 Nc6 8.h3 Ne4 9.Bd3 f5
10.Ne5 Bd7 11.O-O Bf6 12.Nxd7 Qxd7 13.f3 Ng5  1/2-1/2

[Event "Buenos Aires Najdorf op"]
[Site "Buenos Aires"]
[Date "1993.??.??"]
[Round "8"]
[White "Juarez, Alberto"]
[Black "Mendez, Gustavo"]
[Result "1/2-1/2"]
[WhiteElo "2280"]
[BlackElo "2300"]

1.d4 d5 2.c4 e6 3.Nc3 Nf6 4.Nf3 Be7 5.Bf4 O-O 6.e3 c6 7.c5 Nbd7 8.Bd3 h6
9.g4 e5 10.dxe5 Ne4 11.Bxe4 dxe4 12.Nxe4 Nxc5 13.Nxc5 Qa5+ 14.Kf1 Qxc5 15.h3 Rd8
16.Nd4 Be6 17.Kg2 Bd5+ 18.f3 Qb6 19.Qc2 Bc5 20.Rhd1 Rd7 21.Rac1 Bxd4 22.Rxd4 Rad8
23.Rcd1 c5 24.R4d2 Qb5 25.e4 Be6 26.Rd6 b6 27.Bg3 Rxd6 28.Rxd6 Re8 29.a3 Bb3
30.Qd2 Qc4 31.h4 Ba4 32.h5 Bb5 33.Qf2 Qc1 34.Rd2 Re7 35.Bf4 Qc4 36.Rc2 Qe6
37.Rd2 Rd7 38.Rd6 Qc4 39.Rxd7 Bxd7 40.Kg3 Bc6 41.Bd2 Qd3 42.Kf4 Qd8 43.Bc3 Qg5+
44.Kg3 Qc1 45.Kg2 Bb5 46.Kg3 Bc4 47.Qd2 Qg1+ 48.Kf4 Kh7 49.Qe1 Qh2+ 50.Ke3 Qg2
51.b4 Qa2 52.Qc1 Qe2+  1/2-1/2

[Event "Calcutta op"]
[Site "Calcutta"]
[Date "1993.??.??"]
[Round "3"]
[White "Vaidya, Arun B"]
[Black "Singh, Rajendra"]
[Result "0-1"]
[WhiteElo "2385"]
[BlackElo "2260"]

1.d4 Nf6 2.c4 e6 3.Nc3 d5 4.Nf3 Be7 5.Bf4 O-O 6.e3 c6 7.Qc2 Nbd7 8.cxd5 exd5
9.Bd3 Re8 10.O-O-O Nf8 11.h4 a6 12.Ne5 c5 13.g4 cxd4 14.exd4 Be6 15.Kb1 N6d7
16.g5 Nxe5 17.Bxe5 b5 18.Ne2 Qd7 19.Rdg1 Rac8 20.Qd2 Bf5 21.h5 Rc6 22.f4 Rec8
23.Ng3 Bxd3+ 24.Qxd3 Bd6 25.Nf5 Bxe5 26.fxe5 Rc2 27.Ne3 R2c6 28.Ng4 Qe6 29.Rh2  0-1

[Event "Cannes op"]
[Site "Cannes"]
[Date "1993.??.??"]
[Round "3"]
[White "Arlandi, Ennio"]
[Black "Van Dongen, Patrick"]
[Result "0-1"]
[WhiteElo "2460"]
[BlackElo "2160"]

1.d4 d5 2.c4 e6 3.Nc3 Be7 4.Nf3 Nf6 5.Bf4 O-O 6.e3 c5 7.dxc5 Bxc5 8.cxd5 Nxd5
9.Nxd5 exd5 10.a3 Nc6 11.Bd3 Bb6 12.O-O Qf6 13.b4 a6 14.Bg5 Qd6 15.Ra2 h6
16.Bh4 g5 17.Bg3 Qf6 18.Rd2 Rd8 19.Bb1 d4 20.Nxd4 Nxd4 21.exd4 Rxd4 22.Rxd4 Bxd4
23.Qd3 Bg4 24.Qh7+ Kf8 25.Qe4 h5 26.Qxb7 Re8 27.Qc7 Kg7 28.Qd6 Re6 29.Qd5 h4
30.Bc7  0-1

[Event "Capablanca mem-B"]
[Site "?"]
[Date "1993.??.??"]
[Round "10"]
[White "Alonso, Rene"]
[Black "Diaz, Joaquin C"]
[Result "0-1"]
[WhiteElo "2380"]
[BlackElo "2445"]

1.d4 d5 2.c4 e6 3.Nc3 Nf6 4.Nf3 Be7 5.Bf4 O-O 6.e3 c5 7.dxc5 Bxc5 8.Qc2 Nc6
9.a3 Qa5 10.O-O-O Ne4 11.Nb5 a6 12.Nc7 e5 13.Rxd5 Qxc7 14.Qxe4 f5 15.Bxe5 fxe4
16.Bxc7 Ba7 17.Ng5 Ne7 18.Rd8 Rxd8 19.Bxd8 Nf5 20.Ba5 Bd7 21.Nxe4 Bc6 22.Bd3 Re8
23.Nf6+ gxf6 24.Bxf5 Re5 25.Bxh7+ Kxh7 26.Bc3 Rf5 27.f3 Rg5 28.Bd4 Bxd4 29.exd4 Rxg2
30.b3 Ra2 31.Kb1 Rf2 32.d5 Bd7 33.Kc1 Bf5 34.Kd1 Rb2 35.Re1 Rxb3 36.Re7+ Kg6
37.Ke2 b6 38.Rb7 a5 39.Kf2 Rc3 40.Rxb6 Rxc4 41.Kg3 Rc3 42.Rb5 Rxa3 43.Kf4 Bd3
44.Rc5 Be2 45.d6 Rxf3+ 46.Ke4 Rd3 47.Rxa5 Rxd6 48.Kf4 Ra6 49.Rc5 Ra3 50.Rc2 Rf3+
51.Kg4 f5+ 52.Kh4 Rf4+ 53.Kg3 Rg4+ 54.Kf2 Bd3 55.Rc3 Be4 56.Rh3 Kg5 57.Rh8 Kf4
58.Rh3 Rg2+ 59.Kf1 Bf3 60.Rh8 Ra2  0-1

[Event "Cappelle op"]
[Site "Cappelle la Grande"]
[Date "1993.??.??"]
[Round "7"]
[White "Kishnev, Sergey"]
[Black "Negulescu, Adrian"]
[Result "1/2-1/2"]
[WhiteElo "2510"]
[BlackElo "2425"]

1.d4 e6 2.c4 d5 3.Nf3 Nf6 4.Nc3 Be7 5.Bf4 O-O 6.e3 c5 7.dxc5 Bxc5 8.Be2 dxc4
9.Bxc4 a6 10.Qe2 b5 11.Bd3 Bb7 12.O-O h6 13.Rfd1 Qe7 14.e4 Nbd7 15.e5 Nd5
16.Qe4 f5 17.exf6 N7xf6 18.Nxd5 Bxd5 19.Qg6 Bxf3 20.gxf3 Qe8 21.Qxe8 Raxe8
22.Rac1 Rc8 23.a4 Bd4 24.Rxc8 Rxc8 25.Bxb5 Bxf2+ 26.Kxf2 axb5 27.axb5 Rc2+
28.Rd2 Rc5 29.b6 Rb5 30.Rd8+ Kh7 31.Bc7 Rxb2+ 32.Kg3 Kg6 33.Rf8 e5 34.Bxe5 Rxb6
35.Bxf6  1/2-1/2

[Event "Cappelle op"]
[Site "Cappelle la Grande"]
[Date "1993.??.??"]
[Round "9"]
[White "Timoshchenko, Gennadi A"]
[Black "Brestian, Egon"]
[Result "1-0"]
[WhiteElo "2525"]
[BlackElo "2450"]

1.d4 d5 2.c4 e6 3.Nf3 Nf6 4.Nc3 Be7 5.Bf4 O-O 6.e3 c5 7.dxc5 Bxc5 8.Qc2 dxc4
9.Bxc4 a6 10.Bd3 Nbd7 11.O-O Qe7 12.Rfd1 h6 13.Rac1 e5 14.Bg3 Ba7 15.Bf5 Bb8
16.Bh4 g5 17.Nxg5 hxg5 18.Bxg5 Qb4 19.Bxd7 Nxd7 20.Rxd7  1-0

[Event "Ceuta"]
[Site "Ceuta"]
[Date "1993.??.??"]
[Round "3"]
[White "Lalic, Bogdan"]
[Black "Hoffman, Alejandro"]
[Result "1-0"]
[WhiteElo "2520"]
[BlackElo "2440"]

1.c4 e6 2.Nf3 d5 3.d4 Nf6 4.Nc3 Be7 5.Bf4 O-O 6.e3 c5 7.dxc5 Bxc5 8.Qc2 Nc6
9.a3 Qa5 10.Nd2 Bb4 11.cxd5 Nxd5 12.Nxd5 exd5 13.Bd3 g6 14.Rc1 Be7 15.O-O Be6
16.Nb3 Qb6 17.Nc5 Bf6 18.b4 Ne5 19.Bxe5 Bxe5 20.f4 Bg7 21.f5 Bc8 22.e4 Qd6
23.exd5 Qxd5 24.Kh1 Bxf5 25.Bxf5 gxf5 26.Rcd1 Qc6 27.Qxf5 Qg6 28.Nxb7 Qxf5
29.Rxf5 Rfe8 30.h3 Re7 31.Nd6 Rd8 32.Rfd5 Re3 33.Nc4 Rxd5 34.Rxd5 Rc3 35.Rd8+ Bf8
36.Rc8 Kg7 37.Kh2 Be7 38.g3 Rc2+ 39.Kh1 Rc3 40.Kg2 Bf8 41.h4 h5 42.Rc7 Kf6
43.Rc6+ Kg7 44.Kf2 Be7 45.Rc8 Bf8 46.Rc7 Kf6 47.Nd6 Rxc7 48.Ne8+ Ke5 49.Nxc7 Bd6
50.Ne8 Bf8 51.Kf3 Kd4 52.Nf6 Kc4 53.Nxh5 Kb3 54.Nf4 Kxa3 55.Nd5 f5 56.Kf4 Bd6+
57.Kxf5 Bxg3 58.h5 Bd6 59.h6 Bf8 60.h7 Bg7 61.Kg6 Bh8 62.Kf7 Kb3 63.Kg8 Bb2
64.Nf4  1-0

[Event "Dortmund op-A"]
[Site "Dortmund"]
[Date "1993.??.??"]
[Round "1"]
[White "Malaniuk, Vladimir P"]
[Black "Lau, Udo"]
[Result "1-0"]
[WhiteElo "2600"]
[BlackElo "2270"]

1.d4 Nf6 2.Nf3 e6 3.c4 d5 4.Nc3 Be7 5.Bf4 O-O 6.e3 c6 7.Bd3 Nbd7 8.O-O Re8
9.h3 Nf8 10.c5 N6d7 11.b4 Bf6 12.e4 e5 13.dxe5 Nxe5 14.Bxe5 Rxe5 15.Rc1 Rh5
16.Ne2 dxe4 17.Bxe4 Qc7 18.Qd2 Bd7 19.Rfd1 Re8 20.Ng3 Rh6 21.Bf5 Be6 22.Bxe6 Rxe6
23.Nd4 Re5 24.Ndf5 Rg6 25.Qd6 Qxd6 26.Nxd6 h5 27.Nxb7 h4 28.Nf1 Reg5 29.Ne3 Ne6
30.Rc4 Re5 31.Na5 Ng5 32.Nxc6 Re6 33.Nxa7 Ra6 34.Nb5 Rxa2 35.Ng4 Ra8 36.c6 Ne6
37.c7 Rc8 38.Rd7  1-0

[Event "Dortmund op-A"]
[Site "Dortmund"]
[Date "1993.??.??"]
[Round "10"]
[White "Klingelhoefer, Stefan"]
[Black "Labahn, Wolfgang"]
[Result "0-1"]
[WhiteElo "2335"]
[BlackElo "2215"]

1.d4 d5 2.c4 e6 3.Nc3 Nf6 4.Nf3 Be7 5.Bf4 c6 6.e3 Nbd7 7.Qc2 O-O 8.Rd1 Re8
9.a3 a5 10.c5 b6 11.Ne5 Nxe5 12.dxe5 Nd7 13.cxb6 Nxb6 14.Bd3 g6 15.h4 Ba6
16.Bxa6 Rxa6 17.Ne4 Nc4 18.b3 Nxa3 19.Qb2 Qb6 20.Nf6+ Bxf6 21.exf6 Qb4+ 22.Kf1 Rb6
23.h5 Qxb3 24.Qe2 Qxd1+ 25.Qxd1 Rb1 26.Qxb1 Nxb1 27.hxg6 fxg6 28.Be5 h5 29.g4 Nd2+
30.Ke2 Nc4 31.f4 Nxe5 32.fxe5 Rb8 33.gxh5 Rb2+ 34.Kd3 gxh5 35.Rxh5 Rb4 36.Rg5+ Kf8
37.Rg7 Re4 38.Re7 Rxe5 39.Kd4 Re4+ 40.Kc5 Rxe3 41.Kxc6 a4 42.Kc5 a3 43.Ra7 a2
44.Rxa2 Kf7 45.Rf2 Re4 46.Rf1 d4 47.Kc4 e5 48.Rf5 Re3 49.Rf1 d3 50.Kc3 e4
51.Kd4 Re2 52.Ke5 e3 53.Ra1 d2 54.Ra7+ Kg6 55.Rg7+ Kh6 56.Rg1 Rf2  0-1

[Event "Dresden (Women)"]
[Site "Dresden"]
[Date "1993.??.??"]
[Round "?"]
[White "Umanskaya, Irina"]
[Black "Erneste, Inguna"]
[Result "1/2-1/2"]
[WhiteElo "2305"]
[BlackElo "2325"]

1.d4 d5 2.c4 e6 3.Nc3 Be7 4.Nf3 Nf6 5.Bf4 O-O 6.e3 c6 7.Be2 Nbd7 8.O-O a6
9.cxd5 exd5 10.Ne5 Nxe5 11.Bxe5  1/2-1/2

[Event "Dresden op"]
[Site "Dresden"]
[Date "1993.??.??"]
[Round "?"]
[White "Mueller, H."]
[Black "Kajumova, Irina"]
[Result "1/2-1/2"]
[WhiteElo "2245"]
[BlackElo "2060"]

1.d4 d5 2.c4 e6 3.Nc3 Be7 4.Nf3 Nf6 5.Bf4 O-O 6.e3 c6 7.Qc2 Nbd7 8.cxd5 Nxd5
9.Bg3 Qa5 10.e4 Nxc3 11.bxc3 Re8 12.Bd3 h6 13.O-O Nf6 14.Bf4 Bd7 15.Ne5 b5
16.Qd2 Bf8 17.g4 Qd8 18.Kh1 Nh7 19.Rg1 Be7 20.Nxd7 Qxd7 21.Rg2 Bg5 22.e5 g6
23.Rag1 Kg7 24.h4 Bxf4 25.Qxf4 Qe7 26.Rh2 Rh8 27.Rg3 a6 28.Rgh3 Rad8 29.Qe4 Qd7
30.Rg2 Qd5 31.Qe2 a5 32.Be4 Qd7 33.Rf3 b4 34.Rgg3 bxc3 35.Rxc3 Qxd4 36.Rxc6 Qd1+
37.Qxd1 Rxd1+ 38.Kg2 Rd2 39.Rf3 Rxa2 40.Rc7 Rf8 41.Ra7 Re2 42.Re3 Rxe3 43.fxe3 Rc8
44.Rxa5 Rc7 45.Kf3  1/2-1/2

[Event "Dublin zt"]
[Site "Dublin"]
[Date "1993.??.??"]
[Round "5"]
[White "Miles, Anthony J"]
[Black "Short, Philip M"]
[Result "1-0"]
[WhiteElo "2565"]
[BlackElo "2300"]

1.d4 d5 2.Nf3 Nf6 3.c4 e6 4.Nc3 Be7 5.Bf4 O-O 6.e3 c6 7.Qc2 Nbd7 8.cxd5 exd5
9.Bd3 Re8 10.h3 Nf8 11.O-O-O Be6 12.g4 b5 13.Kb1 a5 14.Ng5 a4 15.Be5 g6 16.f4 N6d7
17.Nxe6 Nxe6 18.h4 Nxe5 19.dxe5 b4 20.Nxa4 Qa5 21.b3 Nc5 22.Nxc5 Qxc5 23.Qe2 Ra3
24.Rd2 Qa7 25.Rb2 c5 26.h5 c4 27.hxg6 fxg6 28.Bxg6 hxg6 29.Qh2  1-0

[Event "Dublin zt"]
[Site "Dublin"]
[Date "1993.??.??"]
[Round "7"]
[White "McMahon, Daire"]
[Black "Dunn, Andrew"]
[Result "1-0"]
[WhiteElo "2310"]
[BlackElo "2245"]

1.d4 d5 2.Nf3 Nf6 3.c4 e6 4.Nc3 Be7 5.Bf4 O-O 6.e3 c5 7.dxc5 Bxc5 8.Qc2 Nc6
9.a3 Qa5 10.Nd2 Bb4 11.cxd5 exd5 12.Rc1 Bxc3 13.Qxc3 Qxc3 14.bxc3 Be6 15.Nb3 Rac8
16.Be2 h6 17.O-O g5 18.Bd6 Rfd8 19.Bc5 Ne4 20.Bd4 Nxd4 21.cxd4 Nc3 22.Bd3 Ne4
23.f3 Nd6 24.Nc5 b5 25.Rb1 Rb8 26.Rb2 Nc4 27.Bxc4 dxc4 28.Rfb1 Bf5 29.e4 Bg6
30.d5 Rbc8 31.Nb7 c3 32.Nxd8 cxb2 33.Nc6 Kf8 34.Rxb2 a6 35.Kf2 f6 36.Rc2 Be8
37.Nd4 Rb8 38.Rc7 Bf7 39.d6  1-0

[Event "ESP-chT"]
[Site "?"]
[Date "1993.??.??"]
[Round "?"]
[White "Bermejo Collado, Julian"]
[Black "Gomez Esteban, Juan Mario"]
[Result "0-1"]
[WhiteElo "2310"]
[BlackElo "2450"]

1.d4 Nf6 2.c4 e6 3.Nc3 d5 4.Nf3 Be7 5.Bf4 O-O 6.e3 c5 7.dxc5 Qa5 8.a3 dxc4
9.Bxc4 Qxc5 10.Qe2 a6 11.O-O b5 12.Bd3 Bb7 13.Rac1 Qh5 14.e4 Nbd7 15.Bb1 Rac8
16.Rcd1 Rfd8 17.Bd6 Bxd6 18.Rxd6 Ne5 19.Rxd8+ Rxd8 20.Nxe5 Qxe5 21.Rd1 Rxd1+
22.Qxd1 g5 23.Qd3 Kg7 24.Qg3 Nd7 25.Qxe5+ Nxe5 26.b3 Kf6 27.f3 Nc6 28.Kf2 Ke5
29.Ke3 f5 30.exf5 exf5 31.Ne2 f4+ 32.Kd2 h5 33.Bg6 h4 34.Be4 Na5 35.Bxb7 Nxb7
36.Kc3 a5 37.Nc1 Kd5 38.Nd3 Nd6 39.Nf2 Ke5 40.Nh3 Nf7 41.Kd3 Kd5 42.Kc3 Kc5
43.b4+ axb4+ 44.axb4+ Kd5 45.Kd3 Ne5+ 46.Kc3 Nc4 47.Nxg5 Ne3 48.g3 fxg3 49.hxg3 hxg3
50.Nh3 Ke5 51.Ng1 Nd5+ 52.Kb3 Kf4 53.Kc2 Ke3  0-1

[Event "Farum op"]
[Site "Farum"]
[Date "1993.??.??"]
[Round "7"]
[White "Sher, Miron N"]
[Black "Ahlander, Bjorn"]
[Result "1-0"]
[WhiteElo "2535"]
[BlackElo "2415"]

1.c4 e6 2.Nf3 Nf6 3.Nc3 d5 4.d4 Be7 5.Bf4 O-O 6.e3 c5 7.dxc5 Bxc5 8.a3 Nc6
9.Qc2 Qa5 10.Rd1 Be7 11.Nd2 e5 12.Bg5 d4 13.Nb3 Qd8 14.Be2 Ng4 15.Bxe7 Qxe7
16.exd4 exd4 17.Nxd4 Qh4 18.g3 Qh3 19.Nxc6 bxc6 20.Qe4 Rb8 21.Rd2 Be6 22.f3 Nf6
23.Qd4 Rfe8 24.Kf2 Rb7 25.Ne4 Nxe4+ 26.Qxe4 g6 27.Qxc6 Rbe7 28.Qd6 Bc8 29.Bf1 Qf5
30.Bd3 Qg5 31.Rhd1 Bb7 32.Qf4 Qc5+ 33.Kg2 Re3 34.Rf2 Rxf3 35.Rxf3 Re3 36.Qxf7+ Kh8
37.Be4 Re2+ 38.Kh1  1-0

[Event "FRA"]
[Site "FRA"]
[Date "1993.??.??"]
[Round "?"]
[White "Dorfman, Josif D"]
[Black "Ivkov, Borislav"]
[Result "1/2-1/2"]
[WhiteElo "2580"]
[BlackElo "2505"]

1.d4 Nf6 2.Nf3 d5 3.c4 e6 4.Nc3 Be7 5.Bf4 O-O 6.e3 c6 7.Bd3 Nbd7 8.O-O Nh5
9.Qc2 Nxf4 10.exf4 dxc4 11.Bxc4 Nb6 12.Bd3 g6 13.a3 Nd5 14.g3 Bd7 15.Ne4 Rc8
16.Rac1 b6 17.Qe2 Rc7 18.Ne5 Be8 19.Rc2 f6 20.Nf3 Bf7 21.Rfc1 Qa8 22.h4 h6
23.Qe1 Rd8 24.Bf1 Kg7 25.Bh3 Re8 26.Re2 c5 27.dxc5 bxc5 28.Nfd2 f5 29.Nc3 Bf6
30.Nc4 Nxc3 31.bxc3 Rd8 32.Ne5 Bxe5 33.Rxe5 Qf3 34.Bg2 Qd3 35.Rxe6 Qd7 36.Re5 Qd2
37.h5 Qxe1+ 38.Rcxe1 gxh5 39.Rxf5 Rd3 40.Rc1 Bg6 41.Re5 Bf7 42.Bf1 Rd2 43.c4 h4
44.gxh4 Rd4 45.Kh2 Rxf4 46.Kg3 Rd4 47.f4 Rc6 48.h5 Rf6 49.Rxc5 Rfxf4 50.Be2 Rfe4
51.Kf3 Rf4+ 52.Ke3 Rfe4+ 53.Kf3 Rf4+  1/2-1/2

[Event "FRA"]
[Site "FRA"]
[Date "1993.??.??"]
[Round "?"]
[White "Touzane, Olivier"]
[Black "Laclau, Daniel"]
[Result "1-0"]
[WhiteElo "2200"]
[BlackElo "2240"]

1.d4 d5 2.c4 e6 3.Nc3 Be7 4.Nf3 Nf6 5.Bf4 O-O 6.e3 c6 7.Qc2 Nbd7 8.Be2 Nh5
9.Bg3 f5 10.O-O-O a6 11.Kb1 g6 12.Nd2 Nxg3 13.hxg3 Nf6 14.g4 Nxg4 15.Bxg4 fxg4
16.f4 b5 17.c5 Qe8 18.g3 Bf6 19.Qd3 Qf7 20.e4 Qg7 21.e5 Bd8 22.Nf1 Bd7 23.Ne3 h5
24.Ne2 Be8 25.f5 exf5 26.Nf4 Qe7 27.Rde1 Ra7 28.e6 Qf6 29.Nexd5 cxd5 30.Nxd5 Qg5
31.Nf4 Be7 32.Rc1 Qf6 33.d5 b4 34.d6 Bc6 35.Rhe1 Be4 36.Rxe4 fxe4 37.Qxe4 Qf5
38.Qxf5 Rxf5 39.Nxg6 Bf6 40.c6 Rf2 41.Rc4 Rxb2+ 42.Kc1 Rxa2 43.c7 b3 44.c8=Q+ Kg7
45.e7 Re2 46.Qf8+  1-0